00433nam a2200121Ia 4500008004100000082001500041100004700056245005300103260005200156300001000208630001800218650007500236211109s9999||||xx |||||||||||||| ||und|| a323bALL-D aAll India Association Of Christian Highe,  0aDocumentation on Women Concern (april June 1994) bMedia World Communication No 94aKottayamc1994 a113p. xGeneral stack aCivil & political rightsvPolitical science xSocial sciencesGeneralia